Poskytovatelia zdravotnej starostlivosti - novela zákona
Novela zákona č. 4/2018 Z. z. o poskytovateľoch zdravotnej starostlivosti, zdravotníckych pracovníkoch a stavovských organizáciách v zdravotníctve s účinnosťou od 1. januára 2018. Poskytovatelia zdravotnej starostlivosti. Verejná sieť poskytovateľov zdravotnej starostlivosti. Ambulantná zdravotná st...
Salvato in:
| Autore principale: | |
|---|---|
| Natura: | Capitolo di libro |
| Lingua: | slovacco |
| Soggetti: | |
| Tags: |
Nessun Tag, puoi essere il primo ad aggiungerne!!
|
MARC
| LEADER | 00000naa a2200000 4500 | ||
|---|---|---|---|
| 001 | 0243896 | ||
| 005 | 20180606144416.9 | ||
| 041 | 0 | |a slo | |
| 044 | |a SK | ||
| 245 | 1 | 0 | |a Poskytovatelia zdravotnej starostlivosti - novela zákona |c Dagmar Hrašková |
| 520 | |a Novela zákona č. 4/2018 Z. z. o poskytovateľoch zdravotnej starostlivosti, zdravotníckych pracovníkoch a stavovských organizáciách v zdravotníctve s účinnosťou od 1. januára 2018. Poskytovatelia zdravotnej starostlivosti. Verejná sieť poskytovateľov zdravotnej starostlivosti. Ambulantná zdravotná starostlivosť. Ústavná zdravotná starostlivosť. Niektoré zmeny v poskytovaní zdravotnej starostlivosti. | ||
| 610 | 2 | 0 | |a zdravotníctvo verejné |
| 610 | 2 | 0 | |a starostlivosť zdravotná |
| 610 | 2 | 0 | |a zariadenia zdravotnícke |
| 610 | 2 | 0 | |a poisťovne zdravotné |
| 610 | 2 | 0 | |a novelizácia |
| 610 | 2 | 0 | |a legislatíva |
| 100 | 1 | |a Hrašková, Dagmar | |